000 00295nam a22001217a 4500
008 180518b xxu||||| |||| 00| 0 eng d
041 _aeng
080 _a043.3
100 _a0
101 _aSHKI-MA
245 _aPermirsimi i Performances se Databazes SLQ Server
_cSpahija, G
942 _2udc
_cBK
999 _c45936
_d45936